| 000 | 01885nam a2200421 a 4500 | ||
|---|---|---|---|
| 001 | ebr10331596 | ||
| 003 | CaPaEBR | ||
| 006 | m u | ||
| 007 | cr cn||||||||| | ||
| 008 | 050924s2006 txuabf sb s001 0 eng | ||
| 010 | _z 2005026547 | ||
| 020 | _z1574412043 (cloth : alk. paper) | ||
| 040 |
_aCaPaEBR _cCaPaEBR |
||
| 035 | _a(OCoLC)133095060 | ||
| 043 | _an-us-tx | ||
| 050 | 1 | 4 |
_aF392.T47 _bJ64 2006eb |
| 082 | 0 | 4 |
_a976.4/605 _222 |
| 100 | 1 |
_aJohnson, David _q(David D.), _d1950- |
|
| 245 | 1 | 4 |
_aThe Mason County "Hoo Doo" War, 1874-1902 _h[electronic resource] / _cby David D. Johnson ; foreword by Rick Miller. |
| 260 |
_aDenton, Tex. : _bUniversity of North Texas Press, _cc2006. |
||
| 300 |
_axiii, 332 p., [14] p. of plates : _bill., maps. |
||
| 490 | 1 |
_aA.C. Greene series ; _vno. 4 |
|
| 504 | _aIncludes bibliographical references (p. 252-318) and index. | ||
| 533 |
_aElectronic reproduction. _bPalo Alto, Calif. : _cebrary, _d2013. _nAvailable via World Wide Web. _nAccess may be limited to ebrary affiliated libraries. |
||
| 650 | 0 |
_aVendetta _zTexas _zTexas Hill Country _xHistory _y19th century. |
|
| 650 | 0 |
_aViolence _zTexas _zTexas Hill Country _xHistory _y19th century. |
|
| 650 | 0 |
_aFrontier and pioneer life _zTexas _zTexas Hill Country. |
|
| 651 | 0 |
_aTexas Hill Country (Tex.) _xHistory _y19th century. |
|
| 651 | 0 |
_aTexas Hill Country (Tex.) _vBiography. |
|
| 651 | 0 |
_aMason County (Tex.) _xHistory _y19th century. |
|
| 651 | 0 |
_aSan Saba County (Tex.) _xHistory _y19th century. |
|
| 651 | 0 |
_aLlano County (Tex.) _xHistory _y19th century. |
|
| 651 | 0 |
_aBurnet County (Tex.) _xHistory _y19th century. |
|
| 655 | 7 |
_aElectronic books. _2local |
|
| 710 | 2 | _aebrary, Inc. | |
| 830 | 0 |
_aA.C. Greene series ; _vno. 4. |
|
| 856 | 4 | 0 |
_uhttp://site.ebrary.com/lib/rucke/Doc?id=10331596 _zAn electronic book accessible through the World Wide Web; click to view |
| 999 |
_c68797 _d68797 |
||